The great operas of Mozart /
| Main Author: | |
|---|---|
| Format: | Book |
| Language: | English German Italian |
| Published: |
New York :
G. Schirmer,
[1962]
|
| Subjects: |
MARC
| Tag | First Indicator | Second Indicator | Subfields |
|---|---|---|---|
| LEADER | 00000cam a2200000 4500 | ||
| 001 | in00000028755 | ||
| 005 | 20151007062827.0 | ||
| 008 | 730405s1962 nyuach 00010 eng u | ||
| 010 | |a 62051806 | ||
| 035 | |a (OCoLC)00597930 | ||
| 035 | |9 AAD5884AM | ||
| 040 | |c WSU |d TXA |d UtOrBLW | ||
| 041 | 0 | |a eng |a ger |a ita | |
| 049 | |a TXAM |c [404024] | ||
| 050 | 0 | |a ML49.M83 |b A8 | |
| 092 | |a 782.12 |b M939g | ||
| 100 | 1 | |a Mozart, Wolfgang Amadeus, |d 1756-1791. | |
| 240 | 1 | 0 | |a Operas. Librettos. English, German & Italian |
| 245 | 1 | 4 | |a The great operas of Mozart / |c complete librettos in the original language. |c English versions by W. H. Auden and Chester Kallman, Ruth and Thomas Martin [and] John Bloch. Essays on W. A. Mozart and each opera by Nathan Broder. |
| 264 | 1 | |a New York : |b G. Schirmer, |c [1962] | |
| 300 | |a 423 pages : |b illustrations, portraits, facsimiles ; |c 27 cm. | ||
| 336 | |a text |b txt |2 rdacontent | ||
| 337 | |a unmediated |b n |2 rdamedia | ||
| 338 | |a volume |b nc |2 rdacarrier | ||
| 505 | 0 | |a The abduction from the seraglio.--The marriage of Figaro.-Don Giovanni.--Cosi fan tutte.--The magic flute. | |
| 650 | 0 | |a Operas |y To 1800 |x Librettos. | |
| 999 | |a MARS | ||
| 999 | f | f | |s 415f51fe-1135-3f2b-b854-82d89c46bec5 |i 7ce52ad0-f826-3357-abd7-44ec200ff058 |t 0 |
| 952 | f | f | |p ric |a Texas A&M University |b Rellis Campus |c Joint Library Facility |d Remote Storage |t 0 |e ML49.M83 A8 |h Library of Congress classification |i unmediated -- volume |m A14801170978 |
| 998 | f | f | |a ML49.M83 A8 |t 0 |l Remote Storage |